1909 1590 1895 1204 1788 1447 1406 1193 1826 1169 1294 1600 1201 1511 1901 1193 1204 1211 1015 1231 1824 1893 1658 1326 1793 1912 1385 1905 1329 1183 1124 1038 1158 1427 1666 1978 1337 1721 1956 1477 1542 1836 1901 1512 1156 1460 1071 1609 1748 1404 1694 1904 1251 1025 1671 1955 1891 1138 1531 1021 1346 1968 1979 1647 1612 1140 1432 1337 1669 1889 1865 1551 1633 1547 1340 1851 1048 1104 1395 1754 1802 1314 1939 1916 1013 1946 1648 1634 1186 1444 1749 1214 1113 1825 1069 1516 1473 1104 1481 BCNSPRNW ULIB Ver.6.0+V

เปลี่ยนเป็นภาษาไทย

Change to English
 แสดงรายละเอียดบรรณานุกรม
  กลับหน้าหลัก

Brief Record : Get Marc (ISO 2709) : E-mail record : QR code < ปิดหน้าต่าง
LEADER : 00000nam 2200000uu 4500
001    13399120667
003     ULIB
008    121002s2547||||th 000 0 tha d
020    ^a9749712129
050 04 ^a B74^bป361ป
100 0  ^aประยงค์ แสนบุราณ
245 10 ^aปรัชญาอินเดีย /^cประยงค์ แสนบุราณ
250    ^aพิมพ์ครั้งที่ 1
260    ^aกรุงเทพฯ :^bโอเดียนสโตร์,^c2547
300    ^a244 หน้า ;^c22 ซม.
650  7 ^aปรัชญาอินเดีย
945    ^p170^l0^i14822
995    ^aวิภา
999 ^a ใช้งานได้ทุกระบบ
รายการนี้ยังไม่มีแท็ก
คุณยังไม่ได้ล็อกอิน คุณสามารถมีกิจกรรมร่วมกับเว็บไซต์ได้ แต่ต้องล็อกอินก่อน ::
  ล็อกอิน

รายการสื่อสารสนเทศ

ลำดับที่ ประเภท เลขเรียก/บาร์โค้ด สถานที่ สถานะ
1. วิทยาศาสตร์การแพทย์ และสุขภาพ
วิทยาศาสตร์การแพทย์ และสุขภาพ
B74 ป361ป  
  Barcode: 14822
ห้องสมุดวิทยาเขตสวรรค์ประชารักษ์
►หนังสือทั่วไป
บนชั้น

รายการใกล้เคียง
    ผู้แต่ง [ประยงค์ แสนบุราณ]

    หัวเรื่อง [ปรัชญาอินเดีย]

BibComment


ยังไม่เคยถูกคอมเมนท์

คอมเมนท์ทรัพยากรรายการนี้
  คอมเมนท์: ปรัชญาอินเดีย ป..


 Copyright 2026. Bcnsprnw @Library